000
00407nam a22001697a 4500
003
MPLRDC
005
20220104144236.0
008
210129b ||||| |||| 00| 0 eng d
082
_a
416.9 SAD
100
_a
孙安迪
245
_a
牙齿与口腔疾病
_c
250
_a
一版一刷
260
_a
_b
健康世界杂志社
_c
1992
300
_b
平
650
_a
口腔病知识
942
_c
BK
_o
416.9 SAD
999
_c
47741
_d
47731